00369nam a2200133Ia 4500008004100000020001500041041001200056082001100068100001500079245007400094260003800168300000800206650002100214221030s9999 xx 000 0 und d a8131502708 aEnglish a105.23 aA. Sherrod 0aUltimate 3 D Game Engine Design & Architecture With CDcby A. Sherrod bCengage LearningaNew Delhic2008 a538 aCSE Career Award